| 000 | 00834nam a2200229 a 4500 | ||
|---|---|---|---|
| 005 | 20240703063735.0 | ||
| 008 | 991125m19771986es 000 0 spa u | ||
| 020 | _a8474320135 | ||
| 035 | _aUPN01000005067 | ||
| 049 | _aCG | ||
| 050 | 4 |
_aLB1027 _bA9.68 |
|
| 245 | 0 | 0 |
_aAutogestión pedagógica : _b¿la educación en libertad? / _c[comp.] Georges Lapassade ; tr. Víctor Saad. |
| 260 |
_aBarcelona, Esp. : _bGranica, _c1977 (1986 impr.). |
||
| 300 | _a305 p. | ||
| 440 | 0 |
_aHombre y sociedad ; _v4 |
|
| 500 | _a"Un sistema en el cual los educandos deciden en qué consiste su formación y la dirigen" | ||
| 534 |
_pTraducción de: _tL'autogestion pédagogique |
||
| 650 | 4 |
_aAutonomía en la educación _93083 |
|
| 650 | 4 |
_aInnovaciones educativas _9386 |
|
| 700 | 1 |
_aLapassade, Georges, _d1924-2008 _ecomp. _928945 |
|
| 905 | _aLibro | ||
| 999 |
_c5067 _d5067 |
||